Cartoon Network Most Popular Shows - Statistics

General Stats
  • This quiz has been taken 335 times
    328 since last reset
  • The average score is 12 of 33
Answer Stats
Upvotes Show % Correct
6327 Adventure Time
80%
4397 The Amazing World of Gumball
80%
5816 Regular Show
76%
7952 Teen Titans
72%
4418 Ben 10
65%
5962 The Powerpuff Girls
65%
2240 Ben 10 Alien Force
60%
3080 Steven Universe
53%
6912 Courage the Cowardly Dog
51%
6709 Dexter's Laboratory
48%
8022 Ed, Edd n Eddy
47%
6412 Codename: Kids Next Door
43%
4268 Johnny Bravo
43%
6231 The Grim Adventures of Billy and Mandy
39%
4030 Chowder
38%
4570 Samurai Jack
38%
6202 Foster's Home for Imaginary Friends
32%
3366 Scooby-Doo! Mystery Incorporated
31%
3006 Scooby-Doo, Where Are You?
31%
2869 The Marvellous Misadventures of Flapjack
31%
6506 Tom and Jerry
31%
3496 What's New, Scooby-Doo?
31%
3722 Total Drama Island
29%
2306 Johnny Test
27%
2309 Cow and Chicken
22%
2998 Camp Lazlo
18%
4303 Looney Tunes
16%
4529 Pokemon
13%
3527 Dragon Ball Z
9%
2187 My Gym Partner's a Monkey
7%
2285 Naruto
6%
2331 The Pink Panther
4%
2370 Young Justice
4%
No matching quizzes found
Score Distribution
Percent of People with Each Score
Percentile by Number Answered
Your Score History
You have not taken this quiz since the last reset